Grand Theft Auto V Character Quiz - Statistics

General Stats
  • This quiz has been taken 207 times
  • The average score is 30 of 62
Answer Stats
Hint Answer % Correct
Young Street Hustler/Main Protagonist #1 Franklin Clinton
99%
Retired Bank Robber/Main Protagonist #2 Michael De Santa
99%
Deranged Psychopath/Main Protagonist #3 Trevor Philips
99%
Best Friend Of Main Protagonist #1 Lamar Davis
98%
Dog Of Main Protagonist #1 Chop
96%
Disabled Hacker Behind The Heists Lester Crest
93%
FIB Agent Who Is A "Friend" Of Main Protagonist #2 Dave Norton
85%
Son Of Main Protagonist #2 Jimmy De Santa
85%
Wife Of Main Protagonist #2 Amanda De Santa
82%
Man Who Was Shot During The Prologue Brad Snider
82%
"Nervous" Friend Of Main Protagonist #3 "Nervous" Ron Jakowski
81%
Daughter Of Main Protagonist #2 Tracey De Santa
80%
"Dumb" Friend Of Main Protagonist #3 Wade Herbert
77%
Billionaire Venture Capitalist/Main Antagonist Devin Weston
75%
Boss Of ^ Who Is Shot On A Ferris Wheel Steve Haines
71%
Mexican Drug Lord Martin Madrazo
66%
Fradulent Car Salseman Simeon Yetarian
66%
Nice Cousin Of "Dumb" Friend Floyd Herbert
64%
Big Time Gangster Who Defected To The Ballas Harold "Stretch" Joseph
63%
Assistant Of Main Antagonist Who Dies In A Plane Engine Molly Schultz
61%
Really Famous Movie Producer And Friend Of Main Protagonist #2 Solomon Richards
61%
Host Of Fame Or Shame Lazlow Jones
59%
Aunt Of Main Protagonist #1 Denise Clinton
56%
Main Protagonist #1 Ex-Girlfriend Tanisha Jackson
54%
House Wife Of ^ Patricia Madrazo
53%
Friend Of Main Protagonist #2 Who Asks You To Tow Cars For Her Tonya Wiggins
52%
Man Who Works For Main Protagonist #3 In His Lab Chef
51%
Yoga Instructor Fabien LaRouche
51%
Leader Of The Lost MC Johnny Klebitz
51%
Leader Of The Triads Wei Cheng
47%
Girlfriend Of The Nice Cousin Of "Dumb" Friend Debra
42%
FIB Agent Who Gets Shot In The Head Andreas Sanchez
41%
CEO Of LifeInvader Jay Norris
41%
Heist Crew Member Hacker Paige Harris
41%
Son Of The Leader Of The Triads Tao Cheng
40%
Girlfriend Of ^ Ashley Butler
39%
Main Protagonist #2 Therapist Dr. Isiah Friedlander
39%
Fun-Loving Redneck Who Likes To Hunt Elk Cletus
34%
Adrenaline Junkie Who Jumps Off The Land Act Reservoir Dom Beasley
34%
Man Who Professionally Stalks Celebrities Beverly Felton
33%
Man Tortured By Main Protagonist #3 Ferdinand Kerimov (Mr. K)
33%
Bounty Hunter Friend Of Main Protagonist #3 Maude Eccles
32%
Heist Crew Member Hacker Rickie Lukens
32%
Heist Crew Member Gunman Gustavo Mota
31%
Marijuana Legalizer Barry
29%
Heist Crew Member Gunman Patrick McReary
28%
Founder Of Merryweather Don Percival
26%
Woman Who Loves To Run Mary-Ann Quinn
25%
Heist Crew Member Driver Karim Denz
23%
Heist Crew Member Gunman Norm Richards
22%
Security Guard Hostage During The Union Depository Job Casey
21%
Heist Crew Member Driver Eddie Toh
21%
British Celebrity Stalker Nigel
20%
Alien Enthusiast Omega
18%
Mother Of Main Protagonist #3 Mrs. Phillips
16%
Best Friend Of ^ Mrs.Thornhill
14%
Heist Crew Member Hacker Christian Feltz
13%
Tennis Coach Kyle Chavis
13%
Heist Crew Member Driver Taliana Martinez
13%
Heist Crew Member Gunman Daryl Johns
11%
Heist Crew Member Gunman Hugh Welsh
11%
Heist Crew Member Gunman Karl Abolaji
11%
No matching quizzes found
Score Distribution
Percent of People with Each Score
Percentile by Number Answered
Your Score History
You have not taken this quiz